000 01239nam a2200325 c 4500
999 _c136317
_d136317
003 BLK
005 20210105095533.0
008 180409b bul|||||r ||||||| ||bul||
010 _aKNG00142258000
020 _a978-954-655-260-0
040 _aBLK
041 _aBUL
_cBUL
072 7 _2bullib
_aН83
_xЧужда художествена литература Н
080 _aАржентинска литература
_b821.134.2(82)
_x-32
_z821.134.2(82)-32
100 1 _aМарискал, Енрике
_eпърви автор
_9276697
139 _aМарискал, Енрике
_bМ 31
245 1 0 _aПриказки за подарък на мечтатели
_cЕнрике Марискал; прев. Весела Ангелова.
257 _aARG
260 _bБард
_c2011
_fХасково : Полиграфюг
300 _a192 с.
_c20 см
380 _aX
500 _aОриг. загл. Cuentos para regalar a personas sonadoras / Enrique Mariscal.
659 _aН
700 1 _aАнгелова, Весела
_eпрев.
_9372689
852 _aЦб 259350
856 4 _qpdf
856 4 _qpdf
942 _cKNG
_n0
_03
944 _aCR
_c19.04.2013
_kМилена_Ачева
944 _aED
_c18.09.2013
999 _d136317